Teatro I (Registo nº 200915)

Detalhes MARC
000 -Etiqueta do registo
Valores 00669nam 22001933 4500
021 ## - Número do Depósito Legal
Código do país Portugal
100 ## - Dados gerais de processamento
Dados gerais 20240514d u||y0pory50 ba
200 ## - Titulo e menção de responsabilidade
Título próprio Teatro I
Primeira menção de responsabilidade Bertolt Brecht
Outras menções de responsabilidade poemas traduzidos por Jorge de Sena [...] e Alexandre O'Neill
Informação de outro título ti coragem e os seus filhos : a boa alma de Sé-Chuão
210 ## - Publicação
Local de publicação Lisboa
Nome do editor Portugalia Editora
Data de publicação 1961
215 ## - Descrição física 
Paginação / Volumes 313, [4] p.
Outras indicações físicas brochado
Dimensões 21 cm
606 ## - Nome comum usado como assunto
ID Autoridade 4539
Palavra de ordem Literatura Alemã Teatro
675 ## - CDU
Notação 821.112.2-2
Edição PT
Língua por
700 ## - Autor principal (pessoa individual)
ID Autoridade 825
Apelido Brecht
Nome Bertolt
Datas 1898-1956
702 ## - Autor secundário (pessoa individual)
ID Autoridade 1063
Apelido Losa
Nome Ilse
Datas 1903-2006
801 ## - Fonte de origem
País PT
Agência BMMN
Regras de catalogação RPC
830 ## - Notas gerais do catalogador
Criado por Ana Falardo
Indexado por Ana Falardo
990 ## - Elementos KOHA
Tipo de documento Livro
Exemplares
Situação do levantamento Biblioteca de origem Código de barras Cota Permissão de empréstimo Tipo de documento Nota relativa ao exemplar Forma de aquisição
  Biblioteca Municipal de Montemor-o-Novo 30174 821.112.2-2 BRE|SAF   Livro Acesso condicionado Oferta

Powered by Koha